Biblioteca

El testimonio de Jesús sobre Dios (Registro nro. 69772)

Detalles MARC
000 -LÍDER
Campo fijo de descripción fija 01669nab a2200241 i 4500
001 - NÚMERO DE CONTROL
Campo de control 768714001
003 - IDENTIFICADOR DEL NÚMERO DE CONTROL
Campo de control CO-MdFUSB
005 - FECHA Y HORA DE LA ULTIMA TRANSACCIÓN
control field 20240517114952.0
008 - ELEMENTOS DE LONGITUD FIJA -- INFORMACIÓN GENERAL
Campo fijo de descripción fija -- Información general 240517t1972 sp ||||| |||| 00| 0 spa d
040 ## - FUENTE DE CATALOGACIÓN
Idioma de catalogación spa
Agencia que realiza la transcripción CO-MdFUSB
Agencia que realiza la modificación CO-MdFUSB
041 ## - CÓDIGO DE IDIOMA
Código de idioma para texto/pista de sonido o título separado spa
100 ## - ASIENTO PRINCIPAL--NOMBRE PERSONAL
Nombre personal Shäfer, Klaus,
Término relacionador autor
245 #3 - TÍTULO
Título El testimonio de Jesús sobre Dios
Mención de responsabilidad / Klaus Shäfer ; traducido por D. Romero
520 ## - NOTA DE RESUMEN, ETC.
Nota de sumario, etc. Cuando se trata de cambios en el problema de Dios, hay que considerar también lo que acerca de Dios dijo Jesús. El lenguaje de Jesús sobre «Dios» era «indirecto» y «práctico». Las páginas que siguen pretenden explicar qué quieren decir estos términos aplicados al lenguaje de Jesús sobre «Dios>> y, consiguientemente, al Dios de Jesús. Las parábolas ocupan, en este empeño, el primer lugar porque son un elemento sumamente fidedigno de la tradición de Jesús y nos transmiten el núcleo principal de su predicación el reino de Dios está cerca, Pero no sólo en sus parábolas; Jesús también habló sobre «Dios», de forma fundamental- mente «indirecta» y «práctica», en sus promesas y amenazas, en sus instrucciones y en su decidida postura ante problemas concretos (por ejemplo, el sábado, el matrimonio, la pureza ritual, el ayuno).
650 #7 - ASIENTO SECUNDARIO DE MATERIA - TERMINO TEMÁTICO
Término temático o nombre geográfico como elemento de entrada Dios
9 (RLIN) 178
650 #7 - ASIENTO SECUNDARIO DE MATERIA - TERMINO TEMÁTICO
Término temático o nombre geográfico como elemento de entrada Cristología
9 (RLIN) 239
650 #7 - ASIENTO SECUNDARIO DE MATERIA - TERMINO TEMÁTICO
Término temático o nombre geográfico como elemento de entrada Religión
9 (RLIN) 385
650 #0 - ASIENTO SECUNDARIO DE MATERIA - TERMINO TEMÁTICO
Término temático o nombre geográfico como elemento de entrada Biblia
9 (RLIN) 16
700 ## - ENTR. SECUNDARIA - Nombre Personal (R)
Nombre de persona Romero, D.,
Término indicativo de función traductor
773 0# - ASIENTO DE ITEM FUENTE
Biblionumber 49450
Itemnumber 82644
Otro identificador del ítem R2566
Título Revista internacional de teología Concilium
Número de control del registro (CO-MdFUSB)8
Número Internacional Normalizado para Publicaciones Seriadas (ISSN) 0210-1041
Parte(s) relacionada(s) / Volumen., número. (mes año), páginas Número 76, (junio, 1972), páginas: 370 - 378
Enumeración y primera página página: 370
942 ## - TIPO DE MATERIAL (KOHA)
Tipo de Item KOHA Artículos de Revista
945 ## - INFORMACIÓN LOCAL DEL REGISTRO
Catalogador Catherine Arias Alvarez - Practicante SENA

No hay ítems disponibles.

Biblioteca FUSBC | Teléfono: (57+4) 349 88 10 Ext. 141| WhatsApp (+57) 3005338115 
E-mail: biblioteca@unisbc.edu.co | Calle 76 87-14 Robledo Palenque, Medellín, Colombia

Con tecnología Koha